| 000 | 00635cam a2200193 4500 | ||
|---|---|---|---|
| 008 | 000000n2000 000 0 eng u | ||
| 020 | _a0415234360 | ||
| 035 | _a(Sirsi) u105602 | ||
| 050 | _a692.5 | ||
| 100 |
_aSpain, Bryan _xeditor |
||
| 245 | _aSpon's first stage estimating handbook : an essential guide in the early decision-making processes on the viability of construction projects. | ||
| 260 |
_aLondon _bSpon Press _c2000 |
||
| 300 | _axi,244p. ; 22cm. | ||
| 350 | _a29.99 | ||
| 650 | _aBUILDING PRICE BOOKS | ||
| 650 | _aBUILT ENVIRONMENT-BUILDING COSTS | ||
| 690 | _aBUILT ENVIRONMENT-BUILDING COSTS | ||
| 942 | _n0 | ||
| 999 |
_c100438 _d100438 |
||